| 000 | 01763cam a2200385 a 4500 | ||
|---|---|---|---|
| 001 | 16283733 | ||
| 005 | 20110525102529.0 | ||
| 008 | 100615s2010 enk b 001 0 eng | ||
| 010 | _a 2010024834 | ||
| 015 |
_aGBB073169 _2bnb |
||
| 016 | 7 |
_a015578435 _2Uk |
|
| 020 | _a1409403939 (hbk. : alk. paper) | ||
| 020 | _a9781409403937 (hbk. : alk. paper) | ||
| 035 | _a(OCoLC)ocn642287576 | ||
| 040 |
_aDLC _cDLC _dYDX _dUKM _dYDXCP _dCDX _dBWX _dNTE _dDLC |
||
| 042 | _apcc | ||
| 050 | 0 | 0 |
_aHQ77.9 _b.E57 2010 |
| 082 | 0 | 0 |
_a306.768 _222 _bELL |
| 100 | 1 |
_aElliot, Patricia, _d1955- _924276 |
|
| 245 | 1 | 0 |
_aDebates in Transgender, Queer, and Feminist Theory : _bContested Sites / _cPatricia Elliot. |
| 260 |
_aFarnham, Surrey, England ; _aBurlington, VT : _bAshgate Pub., 2010 _cc2010. |
||
| 300 |
_axvi, 185 p. ; _c24 cm. |
||
| 490 | 1 |
_aQueer interventions _924277 |
|
| 504 | _aIncludes bibliographical references (p. [157]-179) and index. | ||
| 505 | 0 | _aFeminist embattlement on the field of trans -- Revaluing gender diversity beyond the TS/TG hierarchy -- Desire and the "(un)becoming other" : the question of intelligibility -- Risking the unfamiliar : psychic complexity in theories of transsexual embodiment -- Still not in our genes : theorizing complex bodies. | |
| 650 | 0 |
_aTransgenderism. _924278 |
|
| 650 | 0 |
_aFeminist theory. _924279 |
|
| 650 | 0 |
_aGender identity. _924280 |
|
| 650 | 0 |
_aQueer theory. _924281 |
|
| 653 |
_bPol _cMay2011 |
||
| 830 | 0 |
_aQueer interventions. _924282 |
|
| 942 |
_2ddc _cBB |
||
| 999 |
_c15438 _d15438 |
||